|
|
|
|
| LEADER |
02482nam a22004935i 4500 |
| 001 |
978-3-319-13731-5 |
| 003 |
DE-He213 |
| 005 |
20151204154916.0 |
| 007 |
cr nn 008mamaa |
| 008 |
141125s2015 gw | s |||| 0|eng d |
| 020 |
|
|
|a 9783319137315
|9 978-3-319-13731-5
|
| 024 |
7 |
|
|a 10.1007/978-3-319-13731-5
|2 doi
|
| 040 |
|
|
|d GrThAP
|
| 050 |
|
4 |
|a Q342
|
| 072 |
|
7 |
|a UYQ
|2 bicssc
|
| 072 |
|
7 |
|a COM004000
|2 bisacsh
|
| 082 |
0 |
4 |
|a 006.3
|2 23
|
| 245 |
1 |
0 |
|a Emerging ICT for Bridging the Future - Proceedings of the 49th Annual Convention of the Computer Society of India CSI Volume 2
|h [electronic resource] /
|c edited by Suresh Chandra Satapathy, A. Govardhan, K. Srujan Raju, J. K. Mandal.
|
| 264 |
|
1 |
|a Cham :
|b Springer International Publishing :
|b Imprint: Springer,
|c 2015.
|
| 300 |
|
|
|a XVI, 659 p. 290 illus.
|b online resource.
|
| 336 |
|
|
|a text
|b txt
|2 rdacontent
|
| 337 |
|
|
|a computer
|b c
|2 rdamedia
|
| 338 |
|
|
|a online resource
|b cr
|2 rdacarrier
|
| 347 |
|
|
|a text file
|b PDF
|2 rda
|
| 490 |
1 |
|
|a Advances in Intelligent Systems and Computing,
|x 2194-5357 ;
|v 338
|
| 505 |
0 |
|
|a Machine Learning and Computational Intelligence -- Network and Information security, Ad-Hoc Wireless Sensor Networks -- Data Mining, Data engineering and Soft Computing.
|
| 520 |
|
|
|a This volume contains 70 papers presented at CSI 2014: Emerging ICT for Bridging the Future: Proceedings of the 49th Annual Convention of Computer Society of India. The convention was held during 12-14, December, 2014 at Hyderabad, Telangana, India. This volume contains papers mainly focused on Machine Learning & Computational Intelligence, Ad hoc Wireless Sensor Networks and Networks Security, Data Mining, Data Engineering and Soft Computing. .
|
| 650 |
|
0 |
|a Engineering.
|
| 650 |
|
0 |
|a Artificial intelligence.
|
| 650 |
|
0 |
|a Computational intelligence.
|
| 650 |
1 |
4 |
|a Engineering.
|
| 650 |
2 |
4 |
|a Computational Intelligence.
|
| 650 |
2 |
4 |
|a Artificial Intelligence (incl. Robotics).
|
| 700 |
1 |
|
|a Satapathy, Suresh Chandra.
|e editor.
|
| 700 |
1 |
|
|a Govardhan, A.
|e editor.
|
| 700 |
1 |
|
|a Raju, K. Srujan.
|e editor.
|
| 700 |
1 |
|
|a Mandal, J. K.
|e editor.
|
| 710 |
2 |
|
|a SpringerLink (Online service)
|
| 773 |
0 |
|
|t Springer eBooks
|
| 776 |
0 |
8 |
|i Printed edition:
|z 9783319137308
|
| 830 |
|
0 |
|a Advances in Intelligent Systems and Computing,
|x 2194-5357 ;
|v 338
|
| 856 |
4 |
0 |
|u http://dx.doi.org/10.1007/978-3-319-13731-5
|z Full Text via HEAL-Link
|
| 912 |
|
|
|a ZDB-2-ENG
|
| 950 |
|
|
|a Engineering (Springer-11647)
|